Wird geladen...
സാരമേയം: ഒരു പട്ടിയുടെ ആത്മകഥ /
| 1. Verfasser: | |
|---|---|
| Weitere Verfasser: | |
| Format: | Printed Book |
| Veröffentlicht: |
Current Books
2003
|
| Schlagworte: |
| LEADER | 00569cam a2200157ua 4500 | ||
|---|---|---|---|
| 999 | |c 44321 |d 44321 | ||
| 020 | |a 978-81-226-0314-9 | ||
| 082 | |a 894.8123 |b MAD-S | ||
| 100 | |a മാടമ്പ് കുഞ്ഞുകുട്ടൻ. | ||
| 245 | |a സാരമേയം: |b ഒരു പട്ടിയുടെ ആത്മകഥ / | ||
| 260 | |b Current Books |c 2003 | ||
| 300 | |a 95p. | ||
| 650 | |a Sarameyam : | ||
| 700 | |a Madambu Kunjukuttan. | ||
| 942 | |c BK | ||
| 952 | |0 0 |1 0 |4 0 |6 894_812300000000000_MADS |7 0 |9 56282 |a KU |b KU |d 2015-07-05 |g 55.00 |l 0 |o 894.8123 MAD-S |p CL00920 |r 2015-07-05 |y BK | ||